000 00748nam a2200205Ia 4500
008 151119s9999||||xx |||||||||||||| ||und||
082 _a133.5
082 _bGKKV19973
100 _aमधुसूदन घाणेकर
245 _aतुमची कुंडली तुमीच पहा
260 _aपुणे
260 _bइंद्रायणी साहित्य प्रकाशन
260 _c2014
300 _a111pp.p.p.
600 _aमधुसूदन घाणेकर
630 _aतुमची कुंडली तुमीच पहा
700 _aमधुसूदन घाणेकर
730 _aतुमची कुंडली तुमीच पहा
942 _cBOOK
999 _c1072878
_d1072875